000
00313nam a2200109Ia 4500
008
200302s9999 xx 000 0 und d
100
_a
Dr. E. Siva Nagi Reddy
245
_a
Evolution of Building Technology Early Medieval Period vol I
260
_b
Bharatiya Kala Prakahan Delhi
260
_c
1998
300
_a
208 P.,
999
_c
3907
_d
3907